00430nam a2200157Ia 4500003000400000005001700004008004100021020001500062040000900077082002300086100001600109245008100125260004200206300001000248650001400258OSt20191231142032.0190216s9999||||xx |||||||||||||| ||und|| a0761992057 coclc a331.1095483bMAT/E aMathew, E T 0aEmployment And Unemployment In Kerala :bSome Neglected Aspects cE T Mathew bSage Publications,c1997.aNew Delhi: a193 p aEconomics